000 01298nam0a2200373 4500
001 RU\NLR\BIBL_A\022679648
005 20260409161321.0
010 _a978-5-389-09249-5
_94000
021 _aRU
_bКН-П-25-064240
_9КН-П-25-6225
035 _a(NLR Aleph) 022679648
090 _a13653156
_c13653156
100 _a20251204d2025 u y0rusy50 ca
101 0 _arus
102 _aRU
105 _ay|||z|||000ey
181 0 _ai4
_baxxe
182 0 _an
200 1 _aПисьма о добром
_fДмитрий Лихачев
203 _aТекст
_bвизуальный
_cнепосредственный
210 _aСанкт-Петербург
_cАзбука
_d2025
215 _a158, [1] с.
_d18
225 1 _aАзбука-классика
225 1 _aNon Fiction
300 _aНа 4-й с. обл. авт.: акад. Д. С. Лихачев
333 _a16+
606 1 _aНравственность
_2nlr_sh1
_2nlr_sh2
_3RU\NLR\AUTH\66775002
686 1 _aЮ701
686 2 _aШ6(2=Р)75-467
700 1 _aЛихачев
_bД. С.
_f1906-1999
_gДмитрий Сергеевич
_3RU\NLR\AUTH\771396
942 _cBOOK
980 _aNB